000 00304 a2200121 4500
001 82531
082 _a658.500285 CHA
090 _c39969
_d39969
100 _aChang Tien Chein
245 _aExpert process planning for manufacturing
260 _aNY
_bAddison Wisley
_c1990
300 _axv, 283 p.
942 _aNUST CAE
_k658.500285 CHA
999 _c317604
_d317604